000 01072nam a2200265 a 4500
001 000008523
003 DO-SdBNP
005 20240305125836.0
008 090917s2009 dr a 001 0 spa d
040 _aDO-SdBNP
_bspa
_cBNPHU
082 _bC636m
100 1 _aClimé, Danilo P.
_91063
245 1 0 _a1937 :
_ba cuchillos largos en el Caribe /
_cDanilo P. Clime.
246 1 _aMil novecientos treinta y siete
_ba cuchillos largos en el Caribe
260 _aSanto Domingo :
_bEdiciones del Instituto para el Estudio de la Conducta Política,
_c2009.
300 _a252 p. :
_bil. ;
_c22 cm.
500 _aIncluye índice onomástico
500 _aConsideraciones en torno a unas crueles matanzas. Breves reflexiones desde la perspectiva de una sociología de las ideas políticas
500 _aIncluye referencias bibliográficas y notas al pie de las páginas
500 _aIncluye datos biográficos del autor en la solapa de la cubierta
504 _aBibliografía : p. 241-252
590 _aInventariado, 2021 /LP
910 _aLopérez
942 _2ddc
_cLBS1
999 _c8293
_d8293